• 首页
  • 本馆介绍
  • 公告通知
  • 最新文献
  • 馆藏检索
  • 电子资源
  • 读者导购
  • 参考咨询
  • 我的图书馆
  • 登录
  • 详细信息显示
  • 放入我的书架
  • 预约/预借图书
  • 作者相关作品
  • 分类相关作品
  • 丛书相关作品
  • 出版社相关作品

书目信息

  • 表格格式
  • 工作单格式
  • 卡片格式
题名:
两大世界体系的对话
    
 
作者: 伽利略 著
分册:  
出版信息: 北京   北京大学出版社  2006.04
页数: 322页
开本: 25cm
丛书名:
单 册:
中图分类: P1-091.3
科图分类:
主题词: 天文学
电子资源:
ISBN: 7-301-09548-1
000 00594nam0 2200193 450
001 2238806781
005 20220902104814.42
010    @a7-301-09548-1@dCNY59.00
100    @a20220902d2006 km y0chiy0120 ea
101 0  @achi
102    @aCN@b110000
200 1  @a两大世界体系的对话@ALiang Da Shi Jie Ti Xi De Dui Hua@f(意大利)伽利略著@F(Yi Da Li)Jia Li Lue Zhu
210    @a北京@c北京大学出版社@d2006.04
215    @a322页@d25cm
606 0  @a天文学
690    @aP1-091.3@v4
701  0 @a伽利略@AJia Li Lue@4著
801  0 @aCN@b大连网信软件有限公司图书馆·11@c20220902
905    @aZUCC@dP1-091.3@e382
    
    两大世界体系的对话/(意大利)伽利略著.-北京:北京大学出版社,2006.04
    322页;25cm
    
    
    ISBN 7-301-09548-1:CNY59.00
    
●
相关链接 在E读中查询图书 在五车中查询图书 在当当中查询图书 在豆瓣中查询图书


正题名:两大世界体系的对话     索取号:P1-091.3/382         预约/预借

序号 登录号 条形码 馆藏地/架位号 状态 备注
1 1056623   210566234   第二样本阅览室/ [索取号:P1-091.3/382] 在馆    
唐山师范学院图书馆 欢迎您!
大连网信软件有限公司© 版权所有